=LDR 00000nam 2200000 4500 =001 INLIS000000000021846 =005 20200408094036 =035 ##$$a 0010-061300000021846 =008 200408################g##########0#ind## =041 ##$$a Ind =082 ##$$a 2x1.4 =090 ##$$a 2x1.401 524, Asy n =100 1#$$a Syarif, Mahnud =245 1#$$a Nilai cinta dalam Al-Quran, /$c DR. Mahmud bin Asy-Syarif =260 ##$$a Jakarta :$b Pustaka mantiq,$c 1993 =300 ##$$a 224 hlm, ; $c 13 x 17 cm =650 #4$$a Al-qur'an-salah cinta =850 ##$$a NBPNMAT =084 ##$$a 2x1.4 SYA n =250 ##$$a cet.1 =990 ##$$a 60.362/Pro.93 =990 ##$$a 0001/BPAP-NTB/20142014